Understanding the cultural characteristics of american indian families : effective partnerships under the Individualized Family Service Plan (IFSP) (Record no. 78659)

MARC details
000 -CABECERA
campo de control de longitud fija 00806nam a2200253 a 4500
005 - FECHA Y HORA DE LA ÚLTIMA TRANSACCIÓN
campo de control 20210219153514.0
008 - ELEMENTOS DE LONGITUD FIJA--INFORMACIÓN GENERAL
campo de control de longitud fija 991125n 000 0 eng u
035 ## - NÚMERO DE CONTROL DEL SISTEMA
Número de control de sistema UPN01000103635
100 ## - ASIENTO PRINCIPAL--NOMBRE PERSONAL
Nombre de persona Nelson, J. Ron
222 ## - TÍTULO CLAVE
Título clave RURAL SPECIAL EDUCATION QUARTERLY
245 ## - MENCIÓN DE TÍTULO
Título Understanding the cultural characteristics of american indian families : effective partnerships under the Individualized Family Service Plan (IFSP)
300 ## - DESCRIPCIÓN FÍSICA
Extensión 33-36
362 ## - FECHAS DE PUBLICACIÓN Y/O DESIGNACIÓN SECUENCIAL
Fecha de publicación y/o designación secuencial 11, No. 2
505 ## - NOTA DE CONTENIDO CON FORMATO PREESTABLECIDO
Nota de contenido con formato Febrero 1993
653 0# - TERMINO DE INDIZACION - NO CONTROLADO
Término no controlado COMPLICACION FAMILIAR
653 0# - TERMINO DE INDIZACION - NO CONTROLADO
Término no controlado CULTURA INDO-AMERICANA
653 0# - TERMINO DE INDIZACION - NO CONTROLADO
Término no controlado ESTUDIANTES CON NECESIDADES ESPECIALES
653 0# - TERMINO DE INDIZACION - NO CONTROLADO
Término no controlado INTERVENCION TEMPRANA
653 0# - TERMINO DE INDIZACION - NO CONTROLADO
Término no controlado VIDA FAMILIAR
700 ## - ASIENTO SECUNDARIO--NOMBRE DE PERSONAL
Nombre de persona Smith, Deborah J.
700 ## - ASIENTO SECUNDARIO--NOMBRE DE PERSONAL
Nombre de persona Dodd, John M.
904 ## - ELEMENTOS DE DATOS D LOCAL, LDD (RLIN)
a AC
b 041446
905 ## - TIPO DE MATERIAL
Tipo de material Articulo

No items available.